[Event "Carlsen Inv Prelim"]
[Site "chess24.com INT"]
[Date "2020.04.30"]
[Round "7.5"]
[White "Vachier Lagrave,M"]
[Black "Nakamura,Hi"]
[Result "0-1"]
[WhiteElo "2778"]
[BlackElo "2736"]

1.e4 e5 2.Bc4 Nc6 3.d3 Bc5 4.Nf3 d6 5.c3 Nf6 6.O-O h6 7.Re1 O-O 8.h3 a5 9.Nbd2 Bb6
10.Bb3 Be6 11.Nc4 Ba7 12.Ne3 Ne7 13.Bc2 c5 14.d4 cxd4 15.cxd4 Ng6 16.Nf5 Re8
17.Be3 d5 18.dxe5 Nxe4 19.Bxa7 Bxf5 20.Bd4 Nf4 21.Be3 Ne6 22.Bb3 N4c5 23.Qxd5 Nxb3
24.Qxb3 Be4 25.Nd2 Bd5 26.Qd3 Bc6 27.Qxd8 Rexd8 28.Nc4 a4 29.Rad1 Rd5 30.f4 Rad8
31.Nd6 f6 32.Rxd5 Bxd5 33.Bb6 Rd7 34.Be3 fxe5 35.fxe5 Bxa2 36.Kf2 Rc7 37.Kg3 Rc2
38.Rd1 Rxb2 39.Nf5 Bb1 40.Rd8+ Kh7 41.Nd6 Nxd8  0-1

[Event "Carlsen Inv Final 4"]
[Site "chess24.com INT"]
[Date "2020.05.01"]
[Round "1.2"]
[White "Nakamura,Hi"]
[Black "Caruana,F"]
[Result "1/2-1/2"]
[WhiteElo "2736"]
[BlackElo "2835"]

1.d4 d5 2.c4 c6 3.cxd5 cxd5 4.Bf4 Nf6 5.Nc3 Nc6 6.e3 Bf5 7.Qb3 Na5 8.Qa4+ Bd7
9.Qc2 e6 10.Bd3 Rc8 11.Nf3 Bb4 12.O-O Nh5 13.Be5 f6 14.Bg3 Nxg3 15.hxg3 Nc4
16.a3 Bxc3 17.bxc3 Nd6 18.a4 g6 19.Nd2 O-O 20.Rfc1 Qe7 21.Qb3 Rc7 22.Qa3 Rfc8
23.c4 dxc4 24.Rxc4 Bc6 25.Rc5 b6 26.Rc3 Bb7 27.Rxc7 Qxc7 28.Bf1 Qd7 29.a5 Bd5
30.axb6 axb6 31.Qb4 b5 32.Ra6 Rd8 33.Qa5 Rb8 34.Qb4 Rd8 35.Nb3 Bxb3 36.Qxb3 Rc8
37.Qb4 Nc4 38.Be2 Kg7 39.Bg4 f5 40.Be2 h5 41.Ra1 Nd6 42.Rb1 Qc7 43.Ra1 Qb6
44.Bd3 Kf7 45.Rb1 Rc7 46.Kh2 Rc8 47.Ra1 Kf6 48.f3 Kf7 49.Rb1 Qc7 50.e4 Nc4
51.Qxb5 Na3 52.Qb3 Nxb1 53.exf5 gxf5 54.Bxf5 Qd6 55.Bxb1 h4 56.f4 Rg8 57.Qb7+ Kf6
58.Qh7 hxg3+ 59.Kh3 Qf8 60.Qh4+ Kf7 61.Qh5+ Ke7 62.Qc5+ Ke8 63.Qb5+ Kf7 64.Qh5+ Ke7
65.Qc5+ Kf7 66.Qh5+  1/2-1/2

[Event "Carlsen Inv Final 4"]
[Site "chess24.com INT"]
[Date "2020.05.01"]
[Round "1.1"]
[White "Caruana,F"]
[Black "Nakamura,Hi"]
[Result "1/2-1/2"]
[WhiteElo "2835"]
[BlackElo "2736"]

1.e4 e5 2.Nf3 Nc6 3.Bc4 Bc5 4.O-O Nf6 5.d3 d6 6.c3 h6 7.Re1 O-O 8.h3 a5 9.d4 Bb6
10.Be3 exd4 11.cxd4 d5 12.exd5 Ne7 13.Nc3 Nexd5 14.Qd2 Nxe3 15.Rxe3 c6 16.Rd1 Nd5
17.Nxd5 cxd5 18.Bb3 Bf5 19.Ne5 a4 20.Bc2 Bxc2 21.Qxc2 Bc7 22.Rde1 Bxe5 23.Rxe5 Qd6
24.a3 Qc6 25.Qd1 Rae8 26.R1e3 Rxe5 27.dxe5 Re8 28.Qd2 Rc8 29.Kh2 Qe6 30.Qd3 Rc4
31.Re2 b5 32.b3 Re4 33.Rxe4 dxe4 34.Qxb5 Qxb3 35.Qe8+ Kh7 36.Qd7 e3 37.fxe3 Qxe3
38.Qf5+ Kg8 39.Qc8+ Kh7 40.Qf5+ Kg8 41.Qc8+ Kh7 42.Qf5+  1/2-1/2

[Event "Carlsen Inv Final 4"]
[Site "chess24.com INT"]
[Date "2020.05.01"]
[Round "1.5"]
[White "Caruana,F"]
[Black "Nakamura,Hi"]
[Result "0-1"]
[WhiteElo "2835"]
[BlackElo "2736"]

1.e4 e5 2.Nf3 Nc6 3.Bc4 Bc5 4.O-O Nf6 5.d3 d6 6.c3 h6 7.Re1 O-O 8.h3 a5 9.Nbd2 Bb6
10.Nf1 Ne7 11.Ng3 Be6 12.Bxe6 fxe6 13.d4 exd4 14.cxd4 Ng6 15.Be3 a4 16.Qc2 Qe8
17.a3 d5 18.e5 Nd7 19.Nd2 Ba5 20.Rec1 c5 21.dxc5 Ngxe5 22.Rf1 Nc6 23.b4 axb3
24.Nxb3 Bc7 25.Nd4 Be5 26.Nge2 Ra5 27.Nxc6 bxc6 28.Ra2 Qe7 29.Rc1 Rfa8 30.a4 Bf6
31.Ra3 e5 32.Ng3 Qe6 33.Qg6 d4 34.Bd2 Rxa4 35.Rxa4 Rxa4 36.Ne4 Nf8 37.Qg3 Kh7
38.Rb1 Ra7 39.Qd3 Kg8 40.Rb8 Be7 41.Qf3 Qf7 42.Qg3 Qe6 43.Re8 Kh7 44.Rb8 Nd7
45.Qd3 Qg6 46.Rc8 Nf8 47.Rxc6 Qxc6 48.Ng5+ Kh8 49.Nf7+ Kg8 50.Nxe5 Qd5 51.Bf4 Bxc5  0-1

[Event "Carlsen Inv Final 4"]
[Site "chess24.com INT"]
[Date "2020.05.01"]
[Round "1.4"]
[White "Nakamura,Hi"]
[Black "Caruana,F"]
[Result "0-1"]
[WhiteElo "2736"]
[BlackElo "2835"]

1.Nf3 d6 2.d4 Nf6 3.c4 g6 4.Nc3 Bf5 5.Nh4 Bd7 6.e4 e5 7.Nf3 Nc6 8.d5 Ne7
9.Be2 Bg7 10.Be3 O-O 11.Nd2 c6 12.O-O Ne8 13.dxc6 bxc6 14.b4 Be6 15.Nb3 f5
16.f3 Nf6 17.Na5 Qd7 18.Rc1 Rac8 19.Qd2 Rfd8 20.Rfd1 Bf7 21.Bf2 h6 22.b5 c5
23.Bd3 f4 24.Nd5 Nexd5 25.cxd5 g5 26.Nc6 Re8 27.Kh1 g4 28.Bh4 Kh8 29.Be2 Bg6
30.Qe1 Nh7 31.a4 Ng5 32.Qf1 Bf6 33.a5 Nxe4 34.Bd3 Bxh4 35.Bxe4 Bxe4 36.fxe4 Rf8
37.b6 axb6 38.axb6 Qb7 39.Ra1 Ra8 40.Rxa8 Rxa8 41.Qb5 f3 42.g3 Bg5 43.Na5 Qf7
44.b7 Rb8 45.Rf1 Kg7 46.Qa6 Qg6 47.Qd3 h5 48.h4 Bxh4 49.gxh4 Qf6 50.Kg1 Qxh4
51.Qd2 Kg6 52.Nc4 Qf6 53.Na5 Qh4 54.Nc4 Qf6 55.Ne3 Qf4 56.Qf2 Qxe4 57.Re1 Rxb7
58.Ng2 Qd4  0-1

[Event "Carlsen Inv Final 4"]
[Site "chess24.com INT"]
[Date "2020.05.01"]
[Round "1.6"]
[White "Nakamura,Hi"]
[Black "Caruana,F"]
[Result "1-0"]
[WhiteElo "2736"]
[BlackElo "2835"]

1.Nf3 d6 2.d4 Nf6 3.e3 g6 4.b3 Bg7 5.Bb2 O-O 6.Be2 Nbd7 7.O-O b6 8.c4 Bb7
9.Qc2 e6 10.Nc3 Qe7 11.e4 e5 12.dxe5 dxe5 13.Nd5 Nxd5 14.cxd5 Rac8 15.Bb5 Nb8
16.Bc6 Nxc6 17.dxc6 Ba6 18.Rfd1 Rcd8 19.a4 Rfe8 20.Rxd8 Rxd8 21.Rd1 Rd6 22.Rd2 f6
23.h4 Bh6 24.Rd5 Rxd5 25.exd5 Qd6 26.Qe4 Bc8 27.h5 Bf5 28.Qc4 Bf8 29.Nh4 Qc5
30.Nxf5 gxf5 31.Kf1 Kg7 32.Bc1 Qxc4+ 33.bxc4 f4 34.g3 Kh6 35.gxf4 Kxh5 36.Kg2 Kg4
37.fxe5 fxe5 38.f3+ Kf5 39.Bd2 a5 40.Be3 Bd6 41.Kh3 e4 42.f4 Kg6 43.Kg4 h5+
44.Kg3 Kf5 45.Kh3 Kf6 46.Kg3 Kg6 47.Kh4 Be7+ 48.Kh3 Bd6 49.Kg3 Kf5 50.Kh3 h4
51.Kxh4 Bxf4 52.Bxf4 Kxf4 53.d6 e3 54.dxc7 e2 55.c8=Q e1=Q+ 56.Kh5 Qe5+ 57.Kg6 Qe4+
58.Kg7 Qd4+ 59.Kg6 Qd3+ 60.Kg7 Qc3+ 61.Kg6 Qxc4 62.Qf5+ Ke3 63.Qe5+ Kd2 64.c7 Qc6+
65.Kf7 Qc4+ 66.Ke7 Qh4+ 67.Kd7 Qg4+ 68.Qe6 Qg7+ 69.Kc6  1-0

[Event "Carlsen Inv Final 4"]
[Site "chess24.com INT"]
[Date "2020.05.01"]
[Round "1.3"]
[White "Caruana,F"]
[Black "Nakamura,Hi"]
[Result "0-1"]
[WhiteElo "2835"]
[BlackElo "2736"]

1.e4 e5 2.Nf3 Nc6 3.Bc4 Bc5 4.O-O Nf6 5.d3 d6 6.c3 h6 7.Re1 O-O 8.h3 a5 9.Nbd2 Bb6
10.Bb3 Be6 11.Ba4 Nd7 12.Nf1 f5 13.exf5 Bxf5 14.d4 exd4 15.cxd4 Nf6 16.Ng3 Bh7
17.Bb3+ Kh8 18.a3 Ne7 19.Be6 c6 20.Bd2 Nfd5 21.a4 Nb4 22.Bxb4 axb4 23.Qb3 Ba5
24.Re3 Ng6 25.Bf5 Bg8 26.Qc2 Nh4 27.Nxh4 Qxh4 28.Qd3 Bb6 29.Re4 Qf6 30.Rg4 Ra5
31.Bg6 Be6 32.Ne4 Qxd4 33.Qxd4 Bxd4 34.Rd1 Bxb2 35.Rg3 Be5 36.Re3 Bd5 37.g3 Rxa4
38.f4 Ra1 39.Rd3 Rxd1+ 40.Rxd1 Bc3 41.Nxd6 Rf6  0-1

[Event "Carlsen Inv Final 4"]
[Site "chess24.com INT"]
[Date "2020.05.03"]
[Round "2.1"]
[White "Carlsen,M"]
[Black "Nakamura,Hi"]
[Result "1-0"]
[WhiteElo "2863"]
[BlackElo "2736"]

1.c4 e5 2.Nc3 Nf6 3.Nf3 Nc6 4.g3 d5 5.cxd5 Nxd5 6.Bg2 Nb6 7.O-O Be7 8.d3 O-O
9.Be3 Be6 10.Rc1 Nd5 11.Nxd5 Bxd5 12.a3 Re8 13.Qc2 Bf6 14.Nd2 Nd4 15.Bxd4 Bxg2
16.Kxg2 exd4 17.Qxc7 Rxe2 18.Qxd8+ Rxd8 19.Nc4 Rde8 20.Kf3 Bg5 21.Rb1 R2e6
22.a4 h5 23.b4 g6 24.b5 Kg7 25.Rb2 Be7 26.Rc1 g5 27.Kg2 g4 28.Rcc2 Bg5 29.b6 axb6
30.Rb5 Kg6 31.f4 gxf3+ 32.Kxf3 Bd8 33.Rd5 Bf6 34.Rb2 Ra8 35.Rxb6 Rxa4 36.Rxe6 fxe6
37.Rb5 Ra1 38.Rxb7 Rf1+ 39.Ke2 Rh1 40.h4 Rg1 41.Kf2 Rd1 42.Rb3 Ra1 43.Nd6 Be5
44.Ne4 Ra5 45.Kf3 Kf5 46.Nd2 Bf6 47.Nc4 Ra1 48.Nd6+ Kg6 49.Ne4 Re1 50.Kf2 Re3
51.Nd2 Re5 52.Ne4 Rf5+ 53.Ke2 Ra5 54.Rb6 Kf5 55.Kf3 Be5 56.Rb3 Ra1 57.Rb5 Re1
58.Nd6+ Kg6 59.Nc4 Bf6 60.Rb6 Kf5 61.Kf2 Rd1 62.Nd6+ Kg4 63.Ne4 Be5 64.Rxe6 Kf5
65.Ke2 Rg1 66.Rh6 Bxg3 67.Rxh5+ Kf4 68.Rh8 Re1+ 69.Kd2 Re3 70.h5 Be1+ 71.Kc2 Rh3
72.h6 Kf5 73.h7 Kg6 74.Rg8+ Kxh7 75.Nf6+ Kh6 76.Rh8+ Kg6 77.Rxh3 Kxf6 78.Kb3 Ke5
79.Kc4 Bf2 80.Rf3 Be3 81.Rf8 Ke6 82.Kc5 Bg1 83.Kc6 Be3 84.Re8+  1-0

[Event "Carlsen Inv Final 4"]
[Site "chess24.com INT"]
[Date "2020.05.03"]
[Round "2.4"]
[White "Nakamura,Hi"]
[Black "Carlsen,M"]
[Result "1/2-1/2"]
[WhiteElo "2736"]
[BlackElo "2863"]

1.d4 Nf6 2.c4 e6 3.Nf3 d5 4.Nc3 c6 5.Bg5 Nbd7 6.e3 Qa5 7.Nd2 dxc4 8.Bxf6 Nxf6
9.Nxc4 Qc7 10.Be2 Be7 11.a3 O-O 12.b4 Rd8 13.O-O b6 14.Bf3 Ba6 15.Qb3 Rac8
16.Rac1 c5 17.dxc5 Bxc4 18.Qxc4 bxc5 19.Na4 Nd7 20.Qb5 Qb8 21.Qxb8 Rxb8 22.bxc5 Rdc8
23.c6 Ne5 24.Rc3 Nxf3+ 25.gxf3 Kf8 26.Rd1 Ke8 27.Rd7 Bf6 28.Rc5 Rxc6 29.Rxa7 Rxc5
30.Nxc5 Be7 31.Ne4 f5 32.Ng3 g6 33.a4 Kf7 34.Ne2 Kf6 35.Ra6 Rb2 36.Nf4 Kf7
37.Nd3 Ra2 38.Ra7 Kf6 39.f4 Bd6 40.Ra6 Ke7 41.Ne5 Bxe5 42.fxe5 Kd7 43.Kg2 g5
44.Rd6+ Ke7 45.Ra6 Kd7 46.a5 h5 47.Rd6+ Ke7 48.a6 h4 49.Rb6 Kd7 50.Rd6+ Ke7
51.h3 Ra5 52.f4 g4 53.Rb6 Ra2+ 54.Kh1 Ra1+ 55.Kg2 Ra2+ 56.Kf1 Ra1+ 57.Kg2 Ra2+  1/2-1/2

[Event "Carlsen Inv Final 4"]
[Site "chess24.com INT"]
[Date "2020.05.03"]
[Round "2.2"]
[White "Nakamura,Hi"]
[Black "Carlsen,M"]
[Result "1-0"]
[WhiteElo "2736"]
[BlackElo "2863"]

1.d4 Nf6 2.c4 e6 3.Nf3 d5 4.Nc3 Be7 5.Bf4 O-O 6.e3 Nbd7 7.c5 Nh5 8.Bd3 Nxf4
9.exf4 b6 10.b4 a5 11.a3 c6 12.O-O Ba6 13.Qe2 Bxd3 14.Qxd3 g6 15.Rfc1 Qc7
16.g3 axb4 17.axb4 Qb7 18.Rab1 Ra3 19.Qc2 Rfa8 20.Kg2 Bf6 21.Ne2 Ra2 22.Qd1 bxc5
23.bxc5 Qa6 24.Rc2 Rxc2 25.Qxc2 Rb8 26.Rxb8+ Nxb8 27.Nc1 Nd7 28.Nd3 Qb5 29.Qc3 h5
30.Qa3 Kg7 31.Nde5 Bxe5 32.fxe5 Qe2 33.Ng5 Qg4 34.h4 Nf8 35.Qd3 Qf5 36.Qxf5 exf5
37.Kf3 f6 38.exf6+ Kxf6 39.Ke3 Nd7 40.Nf3 Ke6 41.Ne1 Nb8 42.Nd3 Kf6 43.f4 Nd7
44.Ne5 Nf8 45.Nxc6 Ke6 46.Ne5 Ke7 47.Kd3 Kd8 48.Kc3 Kc7 49.Nd3 Nd7 50.Nb4 Nf6
51.Kb3 Kb7 52.Ka4 Ne4 53.Nxd5 Nxg3 54.Kb5 Ne4 55.c6+ Kc8 56.Kb6 Nd6 57.Ne7+  1-0

[Event "Online Nations Cup Final"]
[Site "chess.com INT"]
[Date "2020.05.10"]
[Round "1.1"]
[White "Ding Liren"]
[Black "Nakamura,Hi"]
[Result "1/2-1/2"]
[WhiteElo "2791"]
[BlackElo "2736"]

1.e4 e5 2.Nf3 Nc6 3.Bc4 Bc5 4.c3 Nf6 5.d3 d6 6.O-O h6 7.Re1 O-O 8.Nbd2 a5
9.Nf1 a4 10.h3 Ra5 11.d4 Bb6 12.b4 axb3 13.Bxb3 Ra8 14.Ng3 Re8 15.Bb2 Bd7
16.Qc2 Nh7 17.Rad1 Ng5 18.Nxg5 Qxg5 19.Kh2 Na5 20.Bc1 Qg6 21.dxe5 Nxb3 22.axb3 Rxe5
23.f4 Rea5 24.f5 Qf6 25.Bb2 Ra2 26.Re2 Qe7 27.c4 f6 28.Nh5 Be8 29.Nf4 c6
30.Qb1 R2a6 31.Rd3 Bf7 32.Rg3 Bc7 33.Ng6 Bxg6 34.Rxg6 d5+ 35.e5 Ra2 36.cxd5 cxd5
37.Re3 Rxb2 38.Qxb2 Bxe5+  1/2-1/2

[Event "Lindores Abbey Prelim"]
[Site "chess24.com INT"]
[Date "2020.05.19"]
[Round "1.4"]
[White "Nakamura,Hi"]
[Black "Karjakin,Sergey"]
[Result "1-0"]
[WhiteElo "2736"]
[BlackElo "2752"]

1.c4 Nf6 2.Nc3 e5 3.Nf3 Nc6 4.e4 Bb4 5.d3 d6 6.a3 Bc5 7.b4 Bb6 8.Na4 Bg4
9.Nxb6 axb6 10.Bb2 Nd7 11.Be2 h5 12.O-O Qf6 13.Ne1 Bxe2 14.Qxe2 Nd4 15.Bxd4 exd4
16.f4 c5 17.Nf3 Qxf4 18.Nxd4 Qe5 19.Nb5 O-O 20.Rae1 g6 21.Qf2 Kg7 22.Re3 Ra4
23.Qd2 Qe7 24.d4 Kh7 25.Ref3 Kg8 26.Nc3 Raa8 27.Nd5 Qh4 28.Rf4 Qd8 29.Qf2 f6
30.Qg3 Kh7 31.e5 dxe5 32.dxe5 Nxe5 33.Rxf6 Re8 34.Rf7+  1-0

[Event "Lindores Abbey Prelim"]
[Site "chess24.com INT"]
[Date "2020.05.19"]
[Round "2.4"]
[White "Dubov,Daniil"]
[Black "Nakamura,Hi"]
[Result "1/2-1/2"]
[WhiteElo "2699"]
[BlackElo "2736"]

1.d4 Nf6 2.c4 e6 3.Nf3 d5 4.g3 Be7 5.Bg2 O-O 6.Nc3 dxc4 7.Ne5 c5 8.dxc5 Qxd1+
9.Nxd1 Bxc5 10.Ne3 c3 11.bxc3 Nbd7 12.Nd3 Be7 13.a4 Rb8 14.a5 Nc5 15.Nxc5 Bxc5
16.Ba3 Bxa3 17.Rxa3 Bd7 18.O-O Rfc8 19.Rb1 Bc6 20.Rab3 Bxg2 21.Kxg2 Rc7 22.f3 h6
23.Kf2 g6 24.Rb4 b6 25.axb6 axb6 26.Rxb6 Rxb6 27.Rxb6 Rxc3 28.g4 Kg7 29.Rb7 Rc5
30.h4 Nd5 31.Nxd5 Rxd5 32.Ra7 h5 33.g5 Rb5 34.Rc7 Ra5 35.Rd7 Rc5 36.Ra7 Rb5
37.Rd7 Rc5 38.Ra7 Rb5  1/2-1/2

[Event "Lindores Abbey Prelim"]
[Site "chess24.com INT"]
[Date "2020.05.19"]
[Round "3.3"]
[White "Nakamura,Hi"]
[Black "Firouzja,Alireza"]
[Result "1-0"]
[WhiteElo "2736"]
[BlackElo "2728"]

1.d4 Nf6 2.Nf3 d5 3.e3 e6 4.b3 Be7 5.Bb2 O-O 6.Bd3 b6 7.O-O Bb7 8.Nbd2 c5
9.a3 Nc6 10.dxc5 bxc5 11.c4 a5 12.cxd5 exd5 13.Qc2 a4 14.Rad1 axb3 15.Nxb3 Qb6
16.Bxf6 gxf6 17.Bxh7+ Kh8 18.Nh4 Ne5 19.Nf5 Rxa3 20.Qe2 Ra4 21.Qh5  1-0

[Event "Lindores Abbey Prelim"]
[Site "chess24.com INT"]
[Date "2020.05.19"]
[Round "4.5"]
[White "Carlsen,M"]
[Black "Nakamura,Hi"]
[Result "1/2-1/2"]
[WhiteElo "2863"]
[BlackElo "2736"]

1.d4 Nf6 2.c4 e6 3.Nf3 d5 4.Nc3 Be7 5.cxd5 exd5 6.Bf4 c6 7.Qc2 g6 8.e3 Bf5
9.Bd3 Bxd3 10.Qxd3 Nbd7 11.h4 Nb6 12.Ne5 Qc8 13.O-O-O Qe6 14.Kb1 Ne4 15.Qc2 Bb4
16.Nxe4 dxe4 17.h5 g5 18.Bxg5 f6 19.Rh4 fxg5 20.Rxe4 O-O 21.Ng6 Qf7 22.Nxf8 Rxf8
23.Re5 h6 24.g4 Bd6 25.Rf5 Qe6 26.e4 Re8 27.f3 Bf4 28.Rd3 Nc4 29.Qc3 Nd6
30.d5 Qe7 31.Rf6 Be5 32.Rg6+ Kh7 33.Qc2 c5 34.Re6 Qc7 35.Rxe8 Nxe8 36.d6 Nxd6
37.Rd5 Nf7 38.Rxc5 Qb6 39.a4 a6 40.a5 Qe6 41.Rd5 Kg7 42.Qc5 Qf6 43.Rd7 Bxb2
44.Rxb7 Bc3 45.Kc2 Be1 46.Qd5 Qxf3 47.Qe5+ Kg8 48.Qe8+ Kg7 49.Qe5+ Kg8 50.Qe8+ Kg7
51.Qe5+  1/2-1/2

[Event "Lindores Abbey Prelim"]
[Site "chess24.com INT"]
[Date "2020.05.20"]
[Round "5.2"]
[White "Nakamura,Hi"]
[Black "Aronian,L"]
[Result "1-0"]
[WhiteElo "2736"]
[BlackElo "2773"]

1.e4 e5 2.Nf3 Nf6 3.Nxe5 d6 4.Nf3 Nxe4 5.d3 Nf6 6.d4 d5 7.h3 Bd6 8.Bd3 O-O
9.O-O Re8 10.Nc3 c6 11.Bg5 Nbd7 12.Re1 Rxe1+ 13.Qxe1 Nf8 14.Ne2 h6 15.Bf4 Bxf4
16.Nxf4 Qb6 17.b3 Bd7 18.Qd2 Re8 19.Ne5 Bc8 20.Re1 Qc7 21.c4 dxc4 22.Bxc4 Re7
23.Nfg6 Nxg6 24.Nxg6 Re8 25.Rxe8+ Nxe8 26.Qe3 Nd6 27.Qe5 Qd7 28.Ne7+ Kf8
29.Nxc8 Nxc8 30.Qb8 g6 31.Qf4 Kg7 32.Qe5+ f6 33.Qb8 b5 34.Bd3 Ne7 35.Qf4 c5
36.Qe4 cxd4 37.Bxb5 Qd6 38.Qb7 Qb4 39.Qxa7 Qe1+ 40.Kh2 Qe5+ 41.g3 h5 42.h4 g5
43.hxg5 fxg5 44.Kg1 h4 45.gxh4 gxh4 46.Qd7 Kf6 47.Bd3 Qg5+ 48.Kf1 Qc1+ 49.Ke2 Qb2+
50.Kf3 Qc3 51.Qd6+ Kf7 52.Qf4+ Ke6 53.Qe4+ Kd6 54.Kg4 Qc8+ 55.Kxh4 Qh8+ 56.Kg3 Nd5
57.a3 Nc3 58.Qg6+ Kc7 59.Qh7+ Qxh7 60.Bxh7 Kd6 61.Bd3  1-0

[Event "Lindores Abbey Prelim"]
[Site "chess24.com INT"]
[Date "2020.05.20"]
[Round "6.6"]
[White "Ding Liren"]
[Black "Nakamura,Hi"]
[Result "1/2-1/2"]
[WhiteElo "2791"]
[BlackElo "2736"]

1.d4 Nf6 2.c4 e6 3.Nf3 d5 4.g3 Be7 5.Bg2 O-O 6.O-O dxc4 7.Qc2 a6 8.a4 Bd7
9.Qxc4 Bc6 10.Bg5 Nbd7 11.Nc3 h6 12.Bxf6 Nxf6 13.a5 Bd6 14.Rfd1 Qe7 15.Nd2 Bxg2
16.Kxg2 b5 17.Qc6 e5 18.Nde4 exd4 19.Rxd4 Be5 20.Rd3 Qe8 21.Nxf6+ Bxf6 22.Qf3 c5
23.Rad1 Bxc3 24.bxc3 b4 25.cxb4 cxb4 26.Rd6 Qa4 27.Qg4 Qxa5 28.Rxh6 Rad8
29.Rb1 Qd5+ 30.e4 Qd7 31.Qxd7 Rxd7 32.Rxa6 Rd4 33.e5 Rb8 34.Rb3 g5 35.Ra7 Re4
36.Rf3 Rxe5 37.Rfxf7 Reb5 38.Rg7+ Kh8 39.Rh7+ Kg8 40.Rag7+ Kf8 41.Rc7 Kg8
42.Rcg7+ Kf8 43.Rf7+ Kg8 44.Rfg7+  1/2-1/2

[Event "Lindores Abbey Prelim"]
[Site "chess24.com INT"]
[Date "2020.05.20"]
[Round "7.1"]
[White "Nakamura,Hi"]
[Black "Grischuk,A"]
[Result "1/2-1/2"]
[WhiteElo "2736"]
[BlackElo "2777"]

1.d4 Nf6 2.c4 e6 3.g3 d5 4.Bg2 dxc4 5.Qa4+ Nbd7 6.Qxc4 a6 7.Qc2 c5 8.Nf3 b6
9.Ne5 Nd5 10.Nc6 Qc7 11.e4 Qxc6 12.exd5 exd5 13.Nc3 Nf6 14.Bg5 cxd4 15.Bxf6 dxc3
16.Bxc3 Be6 17.Rc1 Rc8 18.O-O Bb4 19.Qe2 Bxc3 20.Rxc3 Qd7 21.Qxa6 Rxc3 22.bxc3 O-O
23.Qxb6 Qa4 24.Qb3 Ra8 25.Rb1 Qxb3 26.axb3 Ra3 27.b4 Rxc3 28.b5 Kf8 29.b6 Rc8
30.b7 Rb8 31.Bf1 Ke7 32.Ba6 d4 33.Kf1 Bd5 34.Ke2 Kd6 35.Kd3 Kc7 36.Rc1+ Kb6
37.Rc8 Ka7 38.Kxd4 Bxb7 39.Bxb7 Kxb7 40.Rc3 Rc8 41.Rf3 Rc7 42.Re3 Kc6 43.Re8 Kd6  1/2-1/2

[Event "Lindores Abbey Prelim"]
[Site "chess24.com INT"]
[Date "2020.05.20"]
[Round "8.6"]
[White "Nakamura,Hi"]
[Black "Yu Yangyi"]
[Result "1/2-1/2"]
[WhiteElo "2736"]
[BlackElo "2709"]

1.e4 e5 2.Nf3 Nf6 3.Nxe5 d6 4.Nf3 Nxe4 5.d3 Nf6 6.d4 g6 7.Bd3 Bg7 8.h3 Qe7+
9.Be2 O-O 10.O-O Re8 11.Bd3 b6 12.Re1 Qf8 13.Rxe8 Qxe8 14.c4 Bb7 15.Nc3 Nbd7
16.d5 Nc5 17.Bc2 Ba6 18.Qf1 Nfe4 19.Nxe4 Nxe4 20.Rb1 c6 21.Ba4 b5 22.cxb5 cxb5
23.Bc2 Bb7 24.Qd3 Nf6 25.Bg5 h6 26.Re1 Qd7 27.Bxf6 Bxf6 28.Nd4 Re8 29.Rd1 a6
30.b4 Bxd5 31.Nxb5 Qc6 32.Nxd6 Qxd6 33.Bb3 Qxb4 34.Bxd5 Re1+ 35.Rxe1 Qxe1+
36.Qf1 Qxf1+ 37.Kxf1 a5 38.a4 Bc3 39.Bc4 Kg7 40.Bb5 f5 41.Bc4 Kf6 42.Bb5 Bb4  1/2-1/2

[Event "Lindores Abbey Prelim"]
[Site "chess24.com INT"]
[Date "2020.05.21"]
[Round "9.2"]
[White "Wei Yi"]
[Black "Nakamura,Hi"]
[Result "1/2-1/2"]
[WhiteElo "2732"]
[BlackElo "2736"]

1.e4 e5 2.Nf3 Nc6 3.Bb5 Nf6 4.O-O Nxe4 5.d4 Nd6 6.Bxc6 dxc6 7.dxe5 Nf5 8.Qxd8+ Kxd8
9.Nc3 Ke8 10.h3 h5 11.Bf4 Be7 12.Rad1 Be6 13.Ng5 Rh6 14.Rfe1 Bb4 15.a3 Bxc3
16.bxc3 h4 17.g4 hxg3 18.fxg3 Ne7 19.h4 Nd5 20.Bc1 Nxc3 21.Rd3 Na4 22.Rf3 Bd5
23.Rf4 Nb6 24.Ref1 Bc4 25.Nxf7 Rg6 26.R1f3 Bxf7 27.h5 Rg4 28.Rxf7 Rxg3+ 29.Rxg3 Kxf7
30.e6+ Kxe6 31.Rxg7 Rh8 32.h6 Nd5 33.Kg2 Ne7 34.h7 Nf5 35.Rxc7 Ne7 36.Rxb7 a6
37.Ra7 Rxh7 38.Rxa6 Rh4 39.Bd2 Rc4 40.c3 Nd5 41.Kf3 Nxc3 42.Bxc3 Rxc3+ 43.Ke4 Kd6
44.Kd4 Rc1 45.Ra8 Kc7 46.Rh8 c5+ 47.Kd3 Kb6 48.Rb8+ Ka5 49.Rb3 c4+ 50.Kd2 Rh1
51.Rb4 Rh3 52.Rxc4 Rxa3 53.Rc3 Rxc3 54.Kxc3  1/2-1/2

[Event "Lindores Abbey Prelim"]
[Site "chess24.com INT"]
[Date "2020.05.21"]
[Round "10.5"]
[White "Nakamura,Hi"]
[Black "Duda,J"]
[Result "1-0"]
[WhiteElo "2736"]
[BlackElo "2753"]

1.e4 c5 2.Nf3 d6 3.Bb5+ Nd7 4.Ba4 Nf6 5.O-O a6 6.c4 g6 7.Nc3 Bg7 8.h3 O-O
9.d3 Rb8 10.Rb1 Qa5 11.Bd2 Qc7 12.a3 e6 13.b4 b6 14.bxc5 bxc5 15.Qc2 Nb6
16.Bb3 Nfd7 17.Na4 Na8 18.Bc3 Bxc3 19.Nxc3 Nab6 20.Qd2 Bb7 21.Qh6 Rfd8 22.Ng5 Nf8
23.f4 f6 24.Nf3 Bc6 25.Qh4 Qg7 26.Rfe1 Rd7 27.Qf2 Rdb7 28.Ba2 f5 29.d4 fxe4
30.Nxe4 Na4 31.Rxb7 Rxb7 32.d5 Rb2 33.Qh4 exd5 34.Nf6+ Kh8 35.cxd5 Bb5 36.Bc4 Bxc4
37.Re8 h5 38.Nd7 Bxd5 39.Rxf8+ Bg8 40.Qd8  1-0

[Event "Lindores Abbey Prelim"]
[Site "chess24.com INT"]
[Date "2020.05.21"]
[Round "11.3"]
[White "So,W"]
[Black "Nakamura,Hi"]
[Result "1/2-1/2"]
[WhiteElo "2770"]
[BlackElo "2736"]

1.d4 Nf6 2.c4 e6 3.Nf3 d5 4.g3 Be7 5.Bg2 O-O 6.O-O dxc4 7.Ne5 Nc6 8.Bxc6 bxc6
9.Nxc6 Qe8 10.Nxe7+ Qxe7 11.Qa4 e5 12.dxe5 Qxe5 13.Nc3 Ne4 14.Qxc4 Nxc3 15.bxc3 Be6
16.Bf4 Bxc4 17.Bxe5 Rfe8 18.Bxc7 Rxe2 19.a4 Rc8 20.Bf4 f6 21.Rfe1 Rxe1+ 22.Rxe1 Bb3
23.a5 Kf7 24.h4 Rxc3 25.Rc1 Rxc1+ 26.Bxc1 a6 27.Be3 h5 28.Bb6 g6 29.Be3 f5
30.f4 Bc4 31.Bb6 Bb5 32.Kf2 Ba4 33.Ke3 Bb5 34.Kf2 Ba4 35.Ke3 Bb5 36.Kf2  1/2-1/2

[Event "Titled Tuesday 16th June"]
[Site "chess.com INT"]
[Date "2020.06.16"]
[Round "1"]
[White "Zufic,M"]
[Black "Nakamura,Hi"]
[Result "0-1"]
[WhiteElo "2366"]
[BlackElo "2736"]

1.d4 c6 2.e4 d5 3.e5 Bf5 4.h4 h5 5.Bd3 Bxd3 6.Qxd3 e6 7.Nf3 Qb6 8.O-O Qa6
9.Qd1 Ne7 10.b3 Nf5 11.Bg5 Nd7 12.Nc3 c5 13.a4 Qc6 14.Ne2 Rc8 15.c4 dxc4
16.bxc4 Nb6 17.d5 exd5 18.cxd5 Nxd5 19.Qc2 g6 20.Rfe1 Be7 21.Nc3 Nd4 22.Qd3 Nb4
23.Qc4 Nxf3+ 24.gxf3 Qxf3 25.e6 f6 26.Re3 Qg4+ 27.Qxg4 hxg4 28.Rd1 fxg5 29.Rd7 gxh4
30.Re4 Rh5 31.Rxg4 Re5 32.Rxg6 Rxe6  0-1

[Event "Titled Tuesday 16th June"]
[Site "chess.com INT"]
[Date "2020.06.16"]
[Round "3"]
[White "Sorkin,I"]
[Black "Nakamura,Hi"]
[Result "0-1"]
[WhiteElo "2383"]
[BlackElo "2736"]

1.c4 g6 2.g3 Bg7 3.Bg2 d6 4.Nc3 Nc6 5.e3 e5 6.Nge2 Nge7 7.O-O O-O 8.Rb1 a5
9.a3 Be6 10.Nd5 a4 11.Nec3 Na5 12.d3 Nb3 13.Nxe7+ Qxe7 14.Bxb7 Ra7 15.Bd5 Rb8
16.Bxe6 Qxe6 17.e4 c6 18.Be3 Raa8 19.Qc2 f5 20.f3 Qf7 21.Kg2 f4 22.Bg1 g5
23.g4 h5 24.h3 Bf6 25.Rbd1 Rb7 26.Ne2 Rab8 27.Rb1 Kg7 28.Nc3 Ra8 29.Ne2 d5
30.cxd5 cxd5 31.exd5 Qxd5 32.Nc3 Qc6 33.Qe2 Rab8 34.Qe4 Qxe4 35.Nxe4 Be7
36.Rfd1 Rc8 37.Nc3 Bxa3 38.Nxa4 Rc2+ 39.Kh1 Bb4 40.Nc3 hxg4 41.fxg4 Kg6 42.Rf1 Rh7
43.Rf3 Nd2 44.Rf2 Rxh3+ 45.Kg2 Rg3+ 46.Kh1 Bc5 47.Rg2 Rxg2  0-1

[Event "Titled Tuesday 16th June"]
[Site "chess.com INT"]
[Date "2020.06.16"]
[Round "4"]
[White "Nakamura,Hi"]
[Black "Bachmann,Ax"]
[Result "1-0"]
[WhiteElo "2736"]
[BlackElo "2599"]

1.Nf3 Nf6 2.b3 d5 3.Bb2 Bg4 4.g3 Nbd7 5.Bg2 e6 6.d3 a5 7.a3 Bd6 8.h3 Bxf3
9.Bxf3 Be5 10.c3 c6 11.Nd2 Qb6 12.d4 Bd6 13.c4 Qd8 14.O-O O-O 15.e3 Qe7 16.Bg2 h6
17.Re1 Rfd8 18.Qc2 e5 19.e4 dxe4 20.Nxe4 Nxe4 21.Rxe4 f5 22.Re2 e4 23.f3 Bxg3
24.fxe4 fxe4 25.Rxe4 Qg5 26.Rg4 Qe3+ 27.Kh1 Nf6 28.Rg6 Bh4 29.d5 cxd5 30.Rf1 d4
31.Bc1 d3 32.Qc3 Qe7 33.Bxh6  1-0

[Event "Titled Tuesday 16th June"]
[Site "chess.com INT"]
[Date "2020.06.16"]
[Round "5"]
[White "Moskalenko,A"]
[Black "Nakamura,Hi"]
[Result "1/2-1/2"]
[WhiteElo "2515"]
[BlackElo "2736"]

1.e4 e5 2.Nf3 Nc6 3.Nc3 Nf6 4.d4 exd4 5.Nxd4 Bb4 6.Nxc6 bxc6 7.Bd3 O-O 8.O-O Re8
9.Bg5 h6 10.Bh4 Bxc3 11.bxc3 g5 12.Bg3 Nxe4 13.Qh5 Qf6 14.Rae1 d5 15.f3 Nd6
16.Rxe8+ Nxe8 17.h4 Bf5 18.hxg5 hxg5 19.f4 Bxd3 20.cxd3 Ng7 21.Qxg5 Qxc3
22.f5 f6 23.Qg6 Re8 24.Kh2 Qxd3 25.Rf3 Qd4 26.Bxc7 Re4 27.Rb3 Re8 28.Rg3 Qh4+
29.Kg1 Qd4+ 30.Kh2 Qh4+ 31.Kg1 Re1+ 32.Kf2 Re7 33.Kg1 Re1+ 34.Kf2 Re7 35.Kg1 Re1+  1/2-1/2

[Event "Titled Tuesday 16th June"]
[Site "chess.com INT"]
[Date "2020.06.16"]
[Round "6"]
[White "Nakamura,Hi"]
[Black "Sjugirov,S"]
[Result "1-0"]
[WhiteElo "2736"]
[BlackElo "2675"]

1.Nf3 d5 2.e3 Nf6 3.c4 e6 4.d4 a6 5.cxd5 exd5 6.Bd3 Bd6 7.Nc3 O-O 8.Qc2 c5
9.dxc5 Bxc5 10.O-O Nc6 11.a3 Bg4 12.Be2 Qe7 13.Ng5 Be6 14.b4 Bd6 15.Bb2 h6
16.Nxd5 Bxd5 17.Bxf6 Bxh2+ 18.Kh1  1-0

[Event "Titled Tuesday 16th June"]
[Site "chess.com INT"]
[Date "2020.06.16"]
[Round "7"]
[White "Martirosyan,Haik M."]
[Black "Nakamura,Hi"]
[Result "1/2-1/2"]
[WhiteElo "2617"]
[BlackElo "2736"]

1.d4 Nf6 2.Nf3 e6 3.c4 d5 4.Nc3 Be7 5.Bg5 h6 6.Bxf6 Bxf6 7.e3 O-O 8.Rc1 dxc4
9.Bxc4 Nd7 10.O-O c5 11.Ne4 cxd4 12.Nxf6+ Nxf6 13.Nxd4 Bd7 14.Qb3 Rb8 15.Rfd1 Qa5
16.Bb5 Rbd8 17.Bxd7 Rxd7 18.Nf3 Rc7 19.h3 Rfc8 20.Rxc7 Qxc7 21.Rd3 Ne4 22.Qd1 Qc1
23.Rd8+ Kh7 24.Qxc1 Rxc1+ 25.Kh2 Rc7 26.Kg1 f6 27.Rd1 Rc2 28.Rd7 e5 29.Rxb7 Rc1+
30.Kh2 Nxf2 31.Nh4 h5 32.Nf5 Kg6 33.Nh4+ Kh6 34.Nf5+ Kg5 35.Nd6 g6 36.Kg3 Nh1+
37.Kh2 h4 38.Ne4+ Kf5 39.Rb4 g5 40.Ra4 a5 41.g4+ hxg3+ 42.Nxg3+ Nxg3 43.Kxg3 Rc2
44.b3 Rc5 45.e4+ Kg6 46.Rc4 Rb5 47.h4  1/2-1/2